000 00334nam a22001457a 4500
008 211012b ||||| |||| 00| 0 eng d
020 _a9780312463717
041 _aeng
080 _a821
082 _a821
100 _a21
101 _aGJL
245 _aThe Bedford Anthology of American Literature
_cBelasco,S
942 _2udc
_cBK
999 _c58193
_d58193